Music Quiz

Random Music or Artist Quiz

Click the Green Day albums (Picture Click) Quiz Stats

 Plays Quiz not verified by Sporcle

Challenge
Share
Tweet
Score 0/12 Timer 03:00
0 Plays Today
% Correct
American Idiot
92.8%
Dookie
91.2%
Revolution Radio
91.2%
Nimrod
85.7%
¡Uno!
84.5%
¡Dos!
84.3%
¡Tré!
83.6%
21st Century Breakdown
83%
Insomniac
78.9%
Kerplunk
77.3%
39|Smooth
77.3%
Warning
76.5%

You're not logged in!

Compare scores with friends on all Sporcle quizzes.
OR
Log In

You Might Also Like...

Show Comments

Extras

Top Quizzes Today


Score Distribution

Your Account Isn't Verified!

In order to create a playlist on Sporcle, you need to verify the email address you used during registration. Go to your Sporcle Settings to finish the process.

Report this User

Report this user for behavior that violates our Community Guidelines.

Details: